| 000 | 00713nam a2200193 ar4500 | ||
|---|---|---|---|
| 001 | 1183 | ||
| 005 | 20221127090148.0 | ||
| 008 | 090310s xxua | 00110 eng d | ||
| 020 |
_a0495016276(student ed. : pbk) : _cNo price. |
||
| 082 | 0 | 4 |
_a658.4032 _bAl15 2007 |
| 100 | 1 | _aAlbright, S. Christian. | |
| 245 | 1 | 0 |
_aManagement science modeling / _cS. Albright, W. L. Winston ; with cases by Mark Broadie, L. Lapin, W. Whisler. |
| 260 |
_aMason, Ohio. : _bThomson/South-Western, _c2007. |
||
| 300 |
_axi, 972 p. : _bill. ; _c26 cm. |
||
| 504 | _aIncludes bibl. references and index. | ||
| 650 | 4 | _aOperations research. | |
| 650 | 4 |
_aManagement science _xMathematical models. |
|
| 700 | 0 |
_aWinston, Wayne L., _ejt. auth. |
|
| 999 |
_c1182 _d1182 |
||